Statistics for Hello In European Languages

Click here to take the quiz!

General Stats

  • This quiz has been taken 56 times
  • The average score is 7 of 10

Answer Stats

HintAnswer% Correct
BonjourFrench
100%
HolaSpanish
98%
CiaoItalian
94%
OlaPortuguese
82%
HejDanish
71%
HeiFinnish
63%
Jo NapotHungarian
61%
AhojSlovak
49%
TereEstonian
43%
BokCroatian
31%

Score Distribution

Percentile by Number Answered

Percent of People with Each Score

Your Score History

You have not taken this quiz